000 01478nam a2200289Ia 4500
999 _c47180
_d47180
001 14038
003 GE_BSU
005 20241017110300.0
008 181216s2014||||ge |||||||||||||| ||geo||
020 _a9789941036453
040 _cGE_BSU
041 _ageo
080 _a51(075.4) მ-15
245 _aმათემატიკა : ალგებრა და ანალიზის საწყისები /
_cბეჟან ღვაბერიძე, ფრიდონ დვალიშვილი, ალექსანდრე მოსიძე და სხვ. ; [რედ. : ნ. ქალდანი].
250 _aგამოცემა მე-6
264 _aთბილისი :
_b პროგრესი,
_c2014.
300 _a509 გვ. ;
_c27 სმ.
504 _aბიბლიოგრ. : გვ. 453-454
541 _h14ლ.
653 _aმათემატიკა
653 _aალგებრა და ანალიზის საწყისები
653 _aმათემატიკის სახელმძღვანელოები აბიტურიენტებისათვის
700 _aღვაბერიძე, ბეჟან
_eავტორი
_923397
700 _aდვალიშვილი, ფრიდონ
_eავტორი
_923398
700 _aმოსიძე, ალექსანდრე
_eავტორი
_923399
942 _cBK
_2udc